Представление документа в формате RUSMARC

ПолеНазваниеЗначение
  Тип записи a
  Библиографический уровень a
001 Контрольный номер RU/УОНБ/EK_Kray/401371708
005 Дата корректировки 20240801133646.7
100 Данные общей обработки __
a Данные общей обработки 20120919d2012 ||| 0rusy0189 ca
101 Язык документа 0_
a Язык текста rus
102 Страна публикации __
a Страна публикации RU
105 Кодированные данные (монография) __
a Кодированные данные (монография) y###||||000|y
200 Заглавие и сведения об ответственности 1_
a Заглавие Все спят, но не я
e Сведения, относящиеся к заглавию беседа с участником Санкт-Петербургского люмино-графического общества Михаилом Чуркиным
f Первые сведения об ответственности Михаил Чуркин
g Последующие сведения об ответственности записала Ева Невская
215 Физическое описание __
c Иллюстрации/тип воспроизводства 1 фот., 1 портр.
225 Серия __
a Серия На досуге
461 Уровень набора _0
1 2000
a Ульяновская правда
1 011
463 Уровень физической единицы _0
1 001RU/УОНБ/EK_Kray/401282846
1 2000
a 4 сент
v С. 15.
1 210
d 2012
600 Персоналии _1
a Персоналии (Фамилия) Чуркин, Михаил
610 Ключевые слова 0_
a Ключевые слова фотографы
610 Ключевые слова 0_
a Ключевые слова световое граффити
610 Ключевые слова 0_
a Ключевые слова лайт-граффити
686 Индексы других классификаций __
a Классификационный индекс 85.16
2 Код системы rubbk
700 Автор _1
a Фамилия Чуркин
b Имя (инициалы) М.
g Полное личное имя Михаил
4 Код отношения 460
702 Вторичная интеллектуальная ответственность __
a Фамилия Невская
b Имя (инициалы) Е.
g Полное личное имя Ева
4 Код отношения 470
801 Источник записи _0
a Страна RU
b Организация Ульяновская ОНБ
c Дата составления 20120919
g Правила каталогизации RCR
801 Источник записи _1
a Страна RU
b Организация Ульяновская ОНБ
c Дата составления 20120919
g Правила каталогизации RCR
901 Тип документа __
t Тип документа b
w Контрольный № источника UONB/MAIN/9b9d84fb8cbf4d828dbd0ec0b6546fc5
909 Создатель записи __
a Создатель записи Морозова Н.А.
938 Служебная информация __
a Имя БД kraeved_work
b Имя библиотеки УОНБ
c Имя АИБС МАРК-SQL
d Номер DOC_ID в БД 90501